The Adventures of Tom Sawyer. (Record no. 110390)
[ view plain ]
| 000 -LEADER | |
|---|---|
| fixed length control field | 00336nam a2200133 a 4500 |
| 001 - CONTROL NUMBER | |
| control field | 4143 |
| 005 - DATE AND TIME OF LATEST TRANSACTION | |
| control field | 20140414131855.0 |
| 008 - FIXED-LENGTH DATA ELEMENTS--GENERAL INFORMATION | |
| fixed length control field | 090223s19uu xx 00 eng d |
| 050 ## - LIBRARY OF CONGRESS CALL NUMBER | |
| Classification number | M 813.4 |
| Item number | C59 2008 |
| 100 ## - MAIN ENTRY--PERSONAL NAME | |
| Personal name | Twain, Mark |
| 245 ## - TITLE STATEMENT | |
| Title | The Adventures of Tom Sawyer. |
| 260 ## - PUBLICATION, DISTRIBUTION, ETC. (IMPRINT) | |
| Place of publication, distribution, etc | New York : |
| Name of publisher, distributor, etc | Penguin Books, |
| Date of publication, distribution, etc | 2008. |
| Withdrawn status | Lost status | Damaged status | Home library | Current library | Shelving location | Date acquired | Total Checkouts | Full call number | Barcode | Date last seen | Price effective from | Koha item type |
|---|---|---|---|---|---|---|---|---|---|---|---|---|
| Munich Library | Munich Library | Main Section | 02/23/2009 | M 813.4 C59 2008 | M0783 | 04/14/2014 | 04/14/2014 | Books |